Los Estados Unidos por dentro (Record no. 102886)

MARC details
000 -LEADER
campo de control de longitud fija 00749nam a22002175i 4500
001 - NÚMERO DE CONTROL
campo de control 102886
003 - IDENTIFICADOR DE NÚMERO DE CONTROL
campo de control ES-MaACL
005 - FECHA Y HORA DE LA ÚLTIMA TRANSACCIÓN
campo de control 20250831014815.0
007 - CAMPO FIJO DE DESCRIPCIÓN FÍSICA--INFORMACIÓN GENERAL
campo de control de longitud fija t|
008 - DATOS DE LONGITUD FIJA--INFORMACIÓN GENERAL
campo de control de longitud fija 950928s1898 sp ||||1| spa d
245 04 - MENCIÓN DEL TÍTULO
Título Los Estados Unidos por dentro
Resto del título : geografía, historia, constitución, organización militar (guerra y marina), etc.
260 ## - PUBLICACIÓN, DISTRIBUCIÓN, ETC.
Lugar de publicación, distribución, etc. Madrid :
Nombre del editor, distribuidor, etc. [s.n.],
Fecha de publicación, distribución, etc. 1898 (
Fabricante Tip. Herres)
300 ## - DESCRIPCIÓN FÍSICA
Extensión 104, CLXI p. ;
Dimensiones 19 cm.
490 1# - MENCIÓN DE SERIE
Mención de serie Colección Herres
505 8# - NOTA DE CONTENIDO CON FORMATO
Nota de contenido con formato Contiene además: Constitución de los EE. UU.
651 #4 - PUNTO DE ACCESO ADICIONAL DE MATERIA--NOMBRE GEOGRÁFICO
Nombre geográfico Estados Unidos-
Subdivisión general Descripción-
Subdivisión cronológica S.XIX
9 (RLIN) 8539
651 #4 - PUNTO DE ACCESO ADICIONAL DE MATERIA--NOMBRE GEOGRÁFICO
Nombre geográfico Estados Unidos-
Subdivisión general Historia
9 (RLIN) 8540
830 1# - PUNTO DE ACCESO ADICIONAL DE SERIE-TÍTULO UNIFORME
Título uniforme Colección Herres
9 (RLIN) 232544
852 ## - LOCALIZACIÓN
Ubicación ES-MaACL
Número de control de estantería C-3572
Holdings
Estatus retirado Estado de pérdida Estado de daño No para préstamo Colección Biblioteca de origen Biblioteca actual Ubicación en estantería Fecha de adquisición Fuente de adquisición Total de préstamos Signatura topográfica completa Código de barras Visto por última vez Precio de reemplazo Tipo de ítem Koha
        Libros del s. XIX Biblioteca del Ateneo de Madrid Biblioteca del Ateneo de Madrid Sala Palomar 17/01/2008     C-3572 1107411 23/02/2023 23/02/2023 Libro impreso antiguo